000 00486nab a2200145Ia 4500
003 ES-SlBCS
005 20210705211836.0
008 140529s2006 xxu||||| |||| 00| 0 por d
041 _apor
100 1 _aCarvalho, José Mauricio de
_9124654
245 0 0 _aÉtica e psicologia. Consideraçoes sobre a pessoa na psicoterapia
_c José Mauricio de Carvalho
650 0 4 _aPsicoterapia
_994893
773 0 _tEducaçao e Filosofia
_gvol. 20, nº. 39, 2006, págs. 131-146
_wRev1534
942 _cAR
999 _c601472
_d601472